000 00360 a2200133 4500
005 20250416115327.0
020 _a0-07-082890-3
082 _a657 KAL
100 _aKALUZA, H. J.
245 _aIntroductory Accounting for colleges.
260 _aNew York,
_bMcgraw- Hill Ryerson Limited,
_c1980.
300 _ax,367p.:Ill.;figures
_bIndex
_c24cm.
942 _2ddc
_cBKS
999 _c1515
_d1515